Efektívne využívanie a rozvoj ľudského kapitálu vo firme – Špirálový manažment

Saved in:
Bibliographic Details
Main Author: Bizoň, Matúš Jozef (Author)
Other Authors: Plchová, Jana (Thesis advisor)
Format: Manuscript Book
Language:Slovak
Published: 2017
Subjects:
Online Access:http://is.stuba.sk/zp/portal_zp.pl?podrobnosti=139457
Tags: Add Tag
No Tags, Be the first to tag this record!

MARC

LEADER 00000ntm a22000003a 4500
001 stuzp64881
003 SK-STU
005 20170715210942.8
007 ta
008 150427s2015----xo-----f-mn---000-0-slo-d
040 |a STU  |b slo 
041 0 |a slo 
100 1 |a Bizoň, Matúš Jozef  |u 902024  |4 aut  |U Ústav manažmentu STU  |T ÚM - Oddelenie manažmentu chemických a potravinárskych technológií  |X 76931  |U R2024  |Y 408  |7 76931 
242 0 1 |a Efficient Use and Development of Human Capital in the Company - Spiral Management  |y eng 
245 1 0 |a Efektívne využívanie a rozvoj ľudského kapitálu vo firme – Špirálový manažment 
260 |c 2017 
650 4 |a energetické stavy  |2 slo 
650 4 |a špirálový manažment  |2 slo 
650 4 |a potenciál  |2 slo 
650 4 |a entropia  |2 slo 
650 4 |a energetical states  |2 eng 
650 4 |a potential  |2 eng 
650 4 |a entropy  |2 eng 
650 4 |a spiral management  |2 eng 
700 1 |a Plchová, Jana  |u 902024  |k Z1  |4 ths  |U Ústav manažmentu STU  |T ÚM - Oddelenie manažmentu chemických a potravinárskych technológií  |X 1766  |U R2024  |Y 408  |7 A000001766 
856 4 |u http://is.stuba.sk/zp/portal_zp.pl?podrobnosti=139457